000 00279nam a22001337a 4500
003 SGT
082 _a612.015
_bS17S
100 _aSHAH, ASHOK KUMAR
245 _aSTUDY OF SERUM BIOMARKERS
260 _aSGTU
_c2017
300 _a133
650 _aBIOCHEMISTRY
942 _2ddc
_cTH
999 _c20734
_d20734